=LDR 00000nam 2200000 4500 =001 INLIS000000000012382 =005 20130612103918 =008 ***********************************Ind** =035 ##$$0010-061300000012382 =041 ##$$a Ind =082 ##$$a 398.209 54 =090 ##$$a 398.209 54, Ano k =100 ##$$a Anonmurti Shmi shmi shmi =245 ##$$a Kuliah tentang Mohabrate, Shmi shmi Anandamurti =260 ##$$a 1991 $b Jakarta =300 ##$$a 75 hlm., Ilus, 20 cm =650 ##$$a Cerita rakyat Jambi =850 ##$$a NBPNMAT